A Textbook of Modern European History / (Record no. 617417)

000 -LEADER
fixed length control field 00487nam a22001817a 4500
003 - CONTROL NUMBER IDENTIFIER
control field NUST
005 - DATE AND TIME OF LATEST TRANSACTION
control field 20260512140923.0
008 - FIXED-LENGTH DATA ELEMENTS--GENERAL INFORMATION
fixed length control field 260512b ||||| |||| 00| 0 eng d
020 ## - INTERNATIONAL STANDARD BOOK NUMBER
International Standard Book Number 81-239-1492-x
082 ## - DEWEY DECIMAL CLASSIFICATION NUMBER
Classification number 944.08131
Author Mark RAG
100 ## - MAIN ENTRY--PERSONAL NAME
Personal name Raghubir Dayal
9 (RLIN) 52936
245 ## - TITLE STATEMENT
Title A Textbook of Modern European History /
Statement of responsibility, etc. Raghubir Dayal.
250 ## - EDITION STATEMENT
Edition statement 2nd Edition.
260 ## - PUBLICATION, DISTRIBUTION, ETC.
Place of publication, distribution, etc. India:
Name of publisher, distributor, etc. CBS Publishers,
Date of publication, distribution, etc. 1989.
300 ## - PHYSICAL DESCRIPTION
Extent 599 p ;
Dimensions 25.5 cm
563 ## - BINDING INFORMATION
Binding note Paperback
942 ## - ADDED ENTRY ELEMENTS (KOHA)
Source of classification or shelving scheme
Koha item type Book

No items available.

© 2023 Central Library, National University of Sciences and Technology. All Rights Reserved.